00690nam a2200217Ia 4500008004100000020002200041040001900063041001200082082003100094100001700125245012900142260003800271300002200309504003500331630001400366630001500380650001300395651001500408700002500423850002400448131103s9999 xx 000 0 und d a826477917cRs 175 aLoreto College aEnglish a320.5/MAR-FRObLCLIB/44337 aFromm, Erich aMarx's concept of manb With a translation from Marx's Economic and philosophical manuscripts by T.B.Bottomore cErich Fromm aLondon, New YorkbContinuumc2004 axii,206p c 20 cm aFirst South Asian Edition 2005 aEconomics aPhilosophy aPolitics aMarx, Karl aBottomore, T.B.trans aLCLIB/320.5/MAR-FRO